[Event "Titled Tuesday intern op 20th Aug Early"]
[Site "Chess.com INT"]
[Date "2024.08.20"]
[Round "1"]
[White "Arora, Honi"]
[Black "Badelka, Olga"]
[Result "1/2-1/2"]
[WhiteElo "2270"]
[BlackElo "2409"]
[PlyCount "99"]
[EventDate "2024.08.20"]
[EventType "swiss (blitz)"]
[EventRounds "11"]
[EventCountry "USA"]
[SourceTitle "EXT 2025"]
[Source "ChessBase"]
[SourceDate "2024.10.14"]
[SourceVersion "1"]
[SourceVersionDate "2024.10.14"]
[SourceQuality "1"]

1. e4 c5 2. Nf3 Nc6 3. Bb5 e6 4. b3 Nge7 5. 0-0 a6 6. Bxc6 Nxc6 7. Bb2 f6 8. d4 cxd4 9. Nxd4 Be7 10. c4 0-0 11. Nc3 b6 12. Re1 Bb7 13. Qd2 Qc7 14. Rad1 Rad8 15. Nc2 f5 16. Nd5 exd5 17. exd5 Bd6 18. dxc6 dxc6 19. Qc3 c5 20. h3 Bh2+ 21. Kh1 Rxd1 22. Rxd1 Re8 23. Ne3 Be5 24. Qc1 f4 25. Nd5 Bxd5 26. Rxd5 Bxb2 27. Qxb2 Re1+ 28. Kh2 f3+ 29. g3 Re2 30. Rd2 Qe7 31. h4 h6 32. Kg1 Qe6 33. Kh2 Rxd2 34. Qxd2 Qe2 35. Qd8+ Kh7 36. Kg1 Qe1+ 37. Kh2 Qxf2+ 38. Kh3 Qg2+ 39. Kg4 f2 40. Qd3+ Kg8 41. Qd8+ Kf7 42. Qd7+ Kf6 43. Qd6+ Kf7 44. Qd7+ Kg6 45. Qe6+ Kh7 46. Qf5+ Kg8 47. Qc8+ Kh7 48. Qf5+ Kh8 49. Qf8+ Kh7 50. Qf5+ 1/2-1/2

[Event "Titled Tuesday intern op 13th Aug Early"]
[Site "Chess.com INT"]
[Date "2024.08.13"]
[Round "1"]
[White "Arora, Honi"]
[Black "Toman, Ondrej"]
[Result "0-1"]
[WhiteElo "2270"]
[BlackElo "2279"]
[PlyCount "154"]
[EventDate "2024.08.13"]
[EventType "swiss (blitz)"]
[EventRounds "11"]
[EventCountry "USA"]
[SourceTitle "EXT 2025"]
[Source "ChessBase"]
[SourceDate "2024.10.14"]
[SourceVersion "1"]
[SourceVersionDate "2024.10.14"]
[SourceQuality "1"]

1. e4 c6 2. d4 d5 3. exd5 cxd5 4. Bd3 Nc6 5. c3 e6 6. Bf4 Bd6 7. Bg3 Nge7 8. Nf3 Ng6 9. 0-0 0-0 10. Re1 Nf4 11. Bf1 Re8 12. Ne5 Ng6 13. f4 Nce7 14. Bd3 Nf5 15. Nd2 Nxg3 16. hxg3 Qb6 17. Rb1 Rd8 18. Qh5 Qc7 19. Kf2 Bxe5 20. fxe5 f5 21. exf6 Rf8 22. Rh1 Rxf6+ 23. Kg1 Qxg3 24. Qxh7+ Kf7 25. Nf3 Rxf3 26. Bxg6+ Ke7 27. Qh4+ Qxh4 28. Rxh4 Rf6 29. Bd3 Bd7 30. Re1 Raf8 31. Re2 Kd6 32. Rh5 g6 33. Rhe5 Rh8 34. Rg5 Rh6 35. Re3 Be8 36. Reg3 Rh5 37. Rxh5 gxh5 38. Rg8 Ke7 39. Rg7+ Bf7 40. Rh7 Kf8 41. Rh8+ Kg7 42. Rb8 b6 43. Rb7 Rf4 44. Rxa7 h4 45. Rb7 Rg4 46. Be2 Rg3 47. Kh2 Re3 48. Bf3 Re1 49. Rxb6 Kf6 50. a4 Ra1 51. Rb4 Bg6 52. Be2 Be4 53. Bf3 Bf5 54. b3 Rf1 55. Rb8 h3 56. Kg3 hxg2 57. Bxg2 Rc1 58. Rf8+ Ke7 59. Rc8 Kd7 60. Rc5 Kd6 61. a5 Bd3 62. b4 Ra1 63. Bf3 Bc4 64. Rc8 Ra3 65. Rd8+ Kc7 66. Re8 Kd7 67. Bg4 Kxe8 68. Bxe6 Rxc3+ 69. Kf4 Rb3 70. Ke5 Ke7 71. Bxd5 Rxb4 72. Bc6 Bb5 73. Bb7 Ra4 74. d5 Rxa5 75. d6+ Kd8 76. Bd5 Bc6 77. Kf6 Rxd5 0-1

[Event "Titled Tuesday intern op 13th Aug Early"]
[Site "Chess.com INT"]
[Date "2024.08.13"]
[Round "2"]
[White "Arora, Honi"]
[Black "Zienkiewicz, Jan"]
[Result "0-1"]
[WhiteElo "2270"]
[BlackElo "2302"]
[PlyCount "68"]
[EventDate "2024.08.13"]
[EventType "swiss (blitz)"]
[EventRounds "11"]
[EventCountry "USA"]
[SourceTitle "EXT 2025"]
[Source "ChessBase"]
[SourceDate "2024.10.14"]
[SourceVersion "1"]
[SourceVersionDate "2024.10.14"]
[SourceQuality "1"]

1. e4 g6 2. d4 Bg7 3. Nc3 c6 4. Be3 d5 5. e5 Nh6 6. f4 Bg4 7. Be2 Bxe2 8. Ncxe2 0-0 9. Nf3 f6 10. 0-0 Nd7 11. Qd3 fxe5 12. fxe5 Nf5 13. Bd2 e6 14. Bg5 Qb6 15. g4 Nh6 16. h3 Nf7 17. Be3 c5 18. c3 Rac8 19. Rab1 a6 20. Kg2 Nd8 21. Nf4 cxd4 22. Bxd4 Qc6 23. Rbe1 Rxf4 24. Ng5 Rxf1 25. Rxf1 Nxe5 26. Bxe5 Bxe5 27. Qf3 Bg7 28. Kg1 h6 29. Nf7 d4 30. Nxh6+ Bxh6 31. Qf6 Qe8 32. g5 Bg7 33. Qf4 e5 34. Qe4 Qe6 0-1

[Event "Titled Tuesday intern op 23rd Jul Early"]
[Site "Chess.com INT"]
[Date "2024.07.23"]
[Round "1"]
[White "Arora, Honi"]
[Black "Gajic, Mladen"]
[Result "1/2-1/2"]
[WhiteElo "2252"]
[BlackElo "2294"]
[PlyCount "112"]
[EventDate "2024.07.23"]
[EventType "swiss (blitz)"]
[EventRounds "11"]
[EventCountry "USA"]
[SourceTitle "EXT 2025"]
[Source "ChessBase"]
[SourceDate "2024.10.14"]
[SourceVersion "1"]
[SourceVersionDate "2024.10.14"]
[SourceQuality "1"]

1. e4 Nf6 2. Nc3 d5 3. exd5 Nxd5 4. Nxd5 Qxd5 5. Nf3 Nc6 6. d4 Bg4 7. c3 e5 8. Be2 exd4 9. Nxd4 Nxd4 10. Qxd4 Qxd4 11. cxd4 Bb4+ 12. Bd2 Bxd2+ 13. Kxd2 Bxe2 14. Kxe2 0-0-0 15. Rhd1 Rd6 16. Rd3 Re8+ 17. Kf1 Red8 18. Rad1 Rc6 19. R3d2 Rd5 20. f3 Kd7 21. Kf2 Re6 22. Re2 Rxe2+ 23. Kxe2 Kd6 24. Ke3 a5 25. Rc1 Rb5 26. Rc2 a4 27. Kd3 Rb4 28. g3 c6 29. f4 Kd5 30. Rc5+ Kd6 31. Rc2 b6 32. Re2 Rb5 33. Kc4 Rd5 34. Re5 b5+ 35. Kd3 f6 36. Re8 c5 37. Rd8+ Kc6 38. Rc8+ Kd6 39. Rd8+ Ke6 40. Rxd5 Kxd5 41. dxc5 Kxc5 42. Kc3 f5 43. Kd3 h6 44. h3 h5 45. h4 Kd5 46. b3 Kc5 47. Kc3 a3 48. Kd3 Kb4 49. Kd4 g6 50. Kd3 Kc5 51. Kc3 Kd5 52. Kd3 b4 53. Ke3 Kc5 54. Kd3 Kd5 55. Ke3 Kc5 56. Kd3 Kd5 1/2-1/2

[Event "Titled Tuesday intern op 23rd Jul Early"]
[Site "Chess.com INT"]
[Date "2024.07.23"]
[Round "3"]
[White "Oparin, Grigoriy"]
[Black "Arora, Honi"]
[Result "1-0"]
[WhiteElo "2662"]
[BlackElo "2252"]
[PlyCount "137"]
[EventDate "2024.07.23"]
[EventType "swiss (blitz)"]
[EventRounds "11"]
[EventCountry "USA"]
[SourceTitle "EXT 2025"]
[Source "ChessBase"]
[SourceDate "2024.10.14"]
[SourceVersion "1"]
[SourceVersionDate "2024.10.14"]
[SourceQuality "1"]

1. c4 c6 2. Nf3 d5 3. g3 Nf6 4. Bg2 g6 5. b3 Bg7 6. Bb2 0-0 7. 0-0 Re8 8. d4 Ne4 9. e3 Nd7 10. Qe2 e5 11. cxd5 cxd5 12. Rd1 exd4 13. Bxd4 Ndf6 14. Nc3 Be6 15. Nxe4 dxe4 16. Ne5 Qe7 17. h3 Red8 18. Rac1 Bd5 19. Nc4 Ne8 20. Qb2 Bxd4 21. Rxd4 Bc6 22. Rcd1 Ng7 23. Nd6 f5 24. Bf1 h6 25. R4d2 Rd7 26. Nc4 Rad8 27. Na5 Rxd2 28. Rxd2 Rxd2 29. Qxd2 Qd7 30. Qxd7 Bxd7 31. Nxb7 Ne6 32. Bc4 Kf8 33. b4 Ke7 34. Kf1 Nc7 35. Ke1 Bb5 36. Bb3 Bd3 37. Nc5 Bb5 38. Kd2 g5 39. h4 Kd6 40. hxg5 hxg5 41. a4 Be8 42. Kc3 Ke5 43. b5 f4 44. gxf4+ gxf4 45. Kb4 fxe3 46. fxe3 Kf5 47. Bc4 Ke5 48. a5 Nd5+ 49. Bxd5 Kxd5 50. b6 axb6 51. axb6 Kc6 52. Ka5 Bg6 53. Ka6 Bf7 54. b7 Bc4+ 55. Ka7 Kxc5 56. b8Q Bd3 57. Qb6+ Kc4 58. Qd4+ Kb3 59. Kb6 Kc2 60. Kc5 Kd2 61. Kb4 Ke2 62. Kc3 Kf3 63. Qc5 Kg4 64. Kd4 Kf3 65. Qf8+ Ke2 66. Qf4 Kd2 67. Qf2+ Kc1 68. Kc3 Kd1 69. Qd2# 1-0

[Event "Zadar"]
[Site "Zadar"]
[Date "2024.07.09"]
[Round "5"]
[White "Kilic, Eray"]
[Black "Arora, Honi"]
[Result "1-0"]
[WhiteElo "2434"]
[BlackElo "2252"]
[PlyCount "57"]
[EventDate "2024.07.06"]
[EventType "tourn"]
[EventRounds "9"]
[EventCountry "CRO"]
[EventCategory "6"]
[SourceTitle "EXT 2025"]
[Source "ChessBase"]
[SourceDate "2024.10.14"]
[SourceVersion "1"]
[SourceVersionDate "2024.10.14"]
[SourceQuality "1"]

1. e4 c5 2. Nf3 d6 3. d4 cxd4 4. Nxd4 Nf6 5. Nc3 a6 6. Qf3 e6 7. g4 Be7 8. g5 Nfd7 9. Be3 Qc7 10. 0-0-0 Nc6 11. h4 b5 12. Nxc6 Qxc6 13. a3 Bb7 14. Bd4 e5 15. Be3 Nb6 16. h5 Rf8 17. Kb1 Nc4 18. Nd5 Nxe3 19. Qxe3 Rc8 20. c3 Qc5 21. Qg3 a5 22. Bh3 Qc4 23. Qg4 Qc6 24. Rhe1 Rd8 25. Bf1 Ba6 26. f4 Qc8 27. Qg3 exf4 28. Qxf4 f6 29. g6 1-0

[Event "Cetinje Dragasevic Memorial"]
[Site "Cetinje"]
[Date "2024.06.25"]
[Round "5"]
[White "Pecurica, Milos"]
[Black "Arora, Honi"]
[Result "1-0"]
[WhiteElo "2338"]
[BlackElo "2082"]
[PlyCount "55"]
[EventDate "2024.06.22"]
[EventType "swiss"]
[EventRounds "9"]
[EventCountry "MNE"]
[SourceTitle "CBM 220 Extra"]
[Source "ChessBase"]
[SourceDate "2024.07.31"]
[SourceVersion "1"]
[SourceVersionDate "2024.07.31"]
[SourceQuality "1"]

1. d4 d5 2. c4 c6 3. Nf3 Nf6 4. Nc3 e6 5. e3 Nbd7 6. Qc2 Bd6 7. Bd3 0-0 8. 0-0 dxc4 9. Bxc4 b5 10. Be2 Bb7 11. e4 e5 12. dxe5 Nxe5 13. Nd4 Neg4 14. Nf5 Bxh2+ 15. Kh1 Bb8 16. Bg5 Qc7 17. f4 b4 18. e5 Nxe5 19. Bxf6 gxf6 20. Ne4 Nd7 21. Rad1 c5 22. Qb3 Kh8 23. Ned6 Nb6 24. Nxf7+ Rxf7 25. Rd8+ Qxd8 26. Qxf7 Bxg2+ 27. Kg1 Qd4+ 28. Rf2 1-0

[Event "Cetinje Dragasevic Memorial"]
[Site "Cetinje"]
[Date "2024.06.23"]
[Round "3"]
[White "Mammadov, Zaur Fazahir Oglu"]
[Black "Arora, Honi"]
[Result "1-0"]
[WhiteElo "2426"]
[BlackElo "2082"]
[PlyCount "57"]
[EventDate "2024.06.22"]
[EventType "swiss"]
[EventRounds "9"]
[EventCountry "MNE"]
[SourceTitle "CBM 220 Extra"]
[Source "ChessBase"]
[SourceDate "2024.07.31"]
[SourceVersion "1"]
[SourceVersionDate "2024.07.31"]
[SourceQuality "1"]

1. c4 c6 2. e4 d5 3. exd5 cxd5 4. cxd5 Nf6 5. Nc3 Nxd5 6. Nf3 e6 7. d4 Nc6 8. Bd3 Be7 9. 0-0 0-0 10. Re1 Nf6 11. Bg5 b6 12. Ne5 Bb7 13. Ba6 Qc8 14. Qf3 Na5 15. Bxb7 Qxb7 16. Qxb7 Nxb7 17. Nc6 Bd6 18. Bxf6 gxf6 19. d5 Rfe8 20. Rad1 e5 21. Ne4 Kg7 22. Rd3 Rg8 23. Rf3 Kf8 24. Nxf6 Rg6 25. Nd7+ Kg8 26. Ndxe5 Re8 27. Rfe3 Rg5 28. h4 Rh5 29. Rg3+ 1-0

[Event "Dimitrovgrad IM-B"]
[Site "Dimitrovgrad"]
[Date "2024.06.11"]
[Round "8"]
[White "Arora, Honi"]
[Black "Tomic, Aleksandar1"]
[Result "1-0"]
[WhiteElo "2082"]
[BlackElo "2388"]
[PlyCount "77"]
[EventDate "2024.06.06"]
[EventType "tourn"]
[EventRounds "9"]
[EventCountry "SRB"]
[SourceTitle "CBM 220 Extra"]
[Source "ChessBase"]
[SourceDate "2024.07.31"]
[SourceVersion "1"]
[SourceVersionDate "2024.07.31"]
[SourceQuality "1"]

1. e4 e5 2. Nf3 Nc6 3. Bc4 Bc5 4. c3 Nf6 5. d3 d6 6. 0-0 a6 7. a4 Ba7 8. Re1 0-0 9. h3 Be6 10. Bxe6 fxe6 11. b4 Qe8 12. Nbd2 Nh5 13. Nf1 Qg6 14. Ra2 Nf4 15. Bxf4 Rxf4 16. Kh1 Raf8 17. N1h2 Nb8 18. g3 R4f7 19. Kg2 Nd7 20. d4 Rf4 21. Rae2 exd4 22. cxd4 Nf6 23. Qc2 Nh5 24. e5 R4f5 25. Re4 dxe5 26. dxe5 Rf4 27. R4e2 R4f5 28. Re4 R5f7 29. R1e2 Rf4 30. Qc4 Rxe4 31. Rxe4 b5 32. axb5 axb5 33. Qc6 Bb6 34. Rg4 Qf5 35. Qxb5 Qc2 36. Qf1 h6 37. Rc4 Qa2 38. Re4 Qd5 39. Qe2 1-0

[Event "Dimitrovgrad IM-B"]
[Site "Dimitrovgrad"]
[Date "2024.06.08"]
[Round "4"]
[White "Arora, Honi"]
[Black "Willy, Stephen"]
[Result "1/2-1/2"]
[WhiteElo "2082"]
[BlackElo "2046"]
[PlyCount "37"]
[EventDate "2024.06.06"]
[EventType "tourn"]
[EventRounds "9"]
[EventCountry "SRB"]
[SourceTitle "CBM 220 Extra"]
[Source "ChessBase"]
[SourceDate "2024.07.31"]
[SourceVersion "1"]
[SourceVersionDate "2024.07.31"]
[SourceQuality "1"]

1. e4 c5 2. Nf3 a6 3. c3 g6 4. d4 cxd4 5. cxd4 d5 6. e5 Nc6 7. Nc3 Bg4 8. Be2 Bxf3 9. Bxf3 e6 10. Be3 Nge7 11. 0-0 Nf5 12. Qd2 h5 13. Rac1 Bh6 14. Bxh6 Rxh6 15. Ne2 Rh8 16. Rc3 Kf8 17. Rfc1 Qb6 18. Rb3 Qa7 19. Rd3 1/2-1/2

[Event "Dimitrovgrad IM-B"]
[Site "Dimitrovgrad"]
[Date "2024.06.06"]
[Round "1"]
[White "Arora, Honi"]
[Black "Mesic, Ismet"]
[Result "0-1"]
[WhiteElo "2082"]
[BlackElo "2255"]
[PlyCount "102"]
[EventDate "2024.06.06"]
[EventType "tourn"]
[EventRounds "9"]
[EventCountry "SRB"]
[SourceTitle "CBM 220 Extra"]
[Source "ChessBase"]
[SourceDate "2024.07.31"]
[SourceVersion "1"]
[SourceVersionDate "2024.07.31"]
[SourceQuality "1"]

1. e4 c6 2. d4 d5 3. e5 Bf5 4. Nf3 e6 5. h4 a6 6. h5 c5 7. c4 dxc4 8. Bxc4 Nc6 9. Be3 cxd4 10. Bxd4 Nxd4 11. Qxd4 Qa5+ 12. Nc3 Rd8 13. Qe3 Bc5 14. Qg5 Ne7 15. 0-0 Qb4 16. Bb3 h6 17. Qg3 0-0 18. Ne2 Bd3 19. Rfe1 Nf5 20. Qf4 Bxf2+ 21. Kxf2 Qb6+ 22. Kf1 Ne3+ 23. Kg1 Nc2+ 24. Ned4 Nxd4 25. Nxd4 Rxd4 26. Qe3 Rfd8 27. Rad1 Be4 28. Rf1 R8d7 29. Qf2 Bf5 30. Ba4 Rd8 31. Bb3 Qc5 32. Rfe1 b6 33. Rc1 Qe7 34. Rc6 Be4 35. Rxb6 Rd2 36. Re2 Rxe2 37. Qxe2 Qc5+ 38. Qf2 Qc1+ 39. Qf1 Qe3+ 40. Qf2 Qc1+ 41. Qf1 Qxb2 42. Rb4 Qxe5 43. Qf2 a5 44. Ra4 Rc8 45. Qe3 Qa1+ 46. Kh2 Bf5 47. Rxa5 Qf6 48. Qg3 Rc3 49. Qf4 Kh7 50. Bd1 Qd8 51. Qa4 Qd6+ 0-1

[Event "Dimitrovgrad"]
[Site "Dimitrovgrad"]
[Date "2024.06.02"]
[Round "7"]
[White "Arora, Honi"]
[Black "Willy, Stephen"]
[Result "1-0"]
[WhiteElo "1998"]
[BlackElo "2046"]
[PlyCount "31"]
[EventDate "2024.05.29"]
[EventType "tourn"]
[EventRounds "9"]
[EventCountry "SRB"]
[SourceTitle "CBM 220 Extra"]
[Source "ChessBase"]
[SourceDate "2024.07.31"]
[SourceVersion "1"]
[SourceVersionDate "2024.07.31"]
[SourceQuality "1"]

1. e4 e5 2. Nf3 Nc6 3. Bc4 Nf6 4. d3 h6 5. 0-0 d6 6. a4 g5 7. Nc3 Bg4 8. Be3 Qc8 9. d4 Bg7 10. dxe5 dxe5 11. Bc5 Nd7 12. Ba3 Nf8 13. Nd5 Ng6 14. Ne3 Nf4 15. c3 Bf8 16. b4 1-0

[Event "Dimitrovgrad"]
[Site "Dimitrovgrad"]
[Date "2024.05.29"]
[Round "1"]
[White "Jocev, Milan"]
[Black "Arora, Honi"]
[Result "0-1"]
[WhiteElo "2278"]
[BlackElo "1998"]
[PlyCount "80"]
[EventDate "2024.05.29"]
[EventType "tourn"]
[EventRounds "9"]
[EventCountry "SRB"]
[SourceTitle "CBM 220 Extra"]
[Source "ChessBase"]
[SourceDate "2024.07.31"]
[SourceVersion "1"]
[SourceVersionDate "2024.07.31"]
[SourceQuality "1"]

1. d4 d5 2. c4 c6 3. cxd5 cxd5 4. Nf3 Nf6 5. Nc3 Nc6 6. Bf4 a6 7. e3 Bg4 8. Be2 e6 9. Ne5 Nxe5 10. Bxe5 Bxe2 11. Qxe2 Bb4 12. 0-0 0-0 13. Bxf6 Qxf6 14. Rac1 Rfc8 15. Qd3 Qd8 16. Ne2 b5 17. Rxc8 Rxc8 18. Rc1 Rxc1+ 19. Nxc1 Qc7 20. Qd1 Qc4 21. Nd3 Bd6 22. b3 Qc3 23. Kf1 f6 24. f4 Kf8 25. Ke2 Ke7 26. h3 e5 27. fxe5 fxe5 28. dxe5 Bxe5 29. Nf2 Ke6 30. e4 Bd4 31. exd5+ Kxd5 32. Nd3 g5 33. Kf3 Bb6 34. Ke2 Ke6 35. g4 Qc6 36. Qf1 Qc2+ 37. Kf3 Qd2 38. Kg3 Bc7+ 39. Kf3 Kd5 40. a3 Kd4 0-1

[Event "Budapest SixDays 05 IM"]
[Site "Budapest"]
[Date "2024.05.18"]
[Round "4"]
[White "Arora, Honi"]
[Black "Egresi, Mate"]
[Result "1/2-1/2"]
[WhiteElo "1998"]
[BlackElo "2384"]
[PlyCount "88"]
[EventDate "2024.05.16"]
[EventType "tourn"]
[EventRounds "9"]
[EventCountry "HUN"]
[EventCategory "1"]
[SourceTitle "CBM 220 Extra"]
[Source "ChessBase"]
[SourceDate "2024.07.31"]
[SourceVersion "1"]
[SourceVersionDate "2024.07.31"]
[SourceQuality "1"]

1. e4 d6 2. d4 Nf6 3. Nc3 Nbd7 4. Nf3 e5 5. Bc4 Be7 6. 0-0 0-0 7. a4 c6 8. a5 h6 9. h3 Re8 10. Re1 exd4 11. Nxd4 Bf8 12. Bf4 Nc5 13. Qf3 Ne6 14. Be3 Ng5 15. Bxg5 hxg5 16. Qg3 Nd7 17. Nf3 Ne5 18. Nxg5 Be7 19. Nxf7 Nxf7 20. Qg6 d5 21. exd5 Qd6 22. Qh5 g6 23. Qf3 Ne5 24. dxc6+ Nxc4 25. cxb7 Bxb7 26. Qxb7 Bf6 27. Ne4 Qe6 28. Qd5 Be5 29. Nf6+ Kf7 30. Qxe6+ Rxe6 31. Ne4 Kg7 32. Ng5 Ree8 33. Rad1 Bxb2 34. Rd7+ Kg8 35. Rxe8+ Rxe8 36. Rxa7 Re1+ 37. Kh2 Be5+ 38. g3 Re2 39. Ra8+ Kg7 40. Ra7+ Kg8 41. Ra8+ Kg7 42. Ra7+ Kg8 43. Ra8+ Kg7 44. Ra7+ Kg8 1/2-1/2

[Event "Budapest SixDays 05 IM"]
[Site "Budapest"]
[Date "2024.05.17"]
[Round "2"]
[White "Arora, Honi"]
[Black "Otsuka, Shou"]
[Result "1-0"]
[WhiteElo "1998"]
[BlackElo "2222"]
[PlyCount "65"]
[EventDate "2024.05.16"]
[EventType "tourn"]
[EventRounds "9"]
[EventCountry "HUN"]
[EventCategory "1"]
[SourceTitle "CBM 220 Extra"]
[Source "ChessBase"]
[SourceDate "2024.07.31"]
[SourceVersion "1"]
[SourceVersionDate "2024.07.31"]
[SourceQuality "1"]

1. e4 e5 2. Nf3 Nc6 3. Bc4 Nf6 4. d3 Bc5 5. 0-0 d6 6. c3 a6 7. a4 Ba7 8. Re1 h6 9. Nbd2 g5 10. Nf1 g4 11. N3d2 h5 12. Nb3 h4 13. d4 Nh5 14. Be3 Qf6 15. Bd5 Ne7 16. dxe5 dxe5 17. Na5 c6 18. Bb3 Nf4 19. Nc4 g3 20. fxg3 hxg3 21. hxg3 Ne6 22. Nd6+ Kf8 23. Bxa7 Rxa7 24. Ne3 Ng5 25. Nxf7 Kg7 26. Rf1 Qg6 27. Nxh8 Qxe4 28. Qh5 Qxe3+ 29. Kh2 Nf5 30. Qg6+ Kf8 31. Qf6+ Ke8 32. Bf7+ Kd7 33. Rxf5 1-0

[Event "IND-ch U15 47th"]
[Site "New Delhi"]
[Date "2022.12.01"]
[Round "5"]
[White "Arora, Honi"]
[Black "Chaudhari, Ashish"]
[Result "1/2-1/2"]
[WhiteElo "1861"]
[BlackElo "1440"]
[PlyCount "179"]
[EventDate "2022.11.28"]
[EventType "swiss"]
[EventRounds "11"]
[EventCountry "IND"]
[SourceTitle "CBM 211 Extra"]
[Source "ChessBase"]
[SourceDate "2023.01.31"]
[SourceVersion "1"]
[SourceVersionDate "2023.01.31"]
[SourceQuality "1"]

1. e4 c6 2. d4 d5 3. e5 Bf5 4. h4 h5 5. Bd3 Bxd3 6. Qxd3 e6 7. Bg5 Qb6 8. Nd2 c5 9. c4 Ne7 10. Ngf3 Na6 11. 0-0 Nf5 12. a3 Nc7 13. Rac1 a5 14. Rfd1 a4 15. cxd5 Nxd5 16. dxc5 Bxc5 17. Ne4 Be7 18. Bxe7 Kxe7 19. Nfd2 Nf4 20. Qc4 Rhc8 21. Qxc8 Rxc8 22. Rxc8 Qd4 23. Kh1 Qxe5 24. Rdc1 Nd5 25. Nc3 Nxh4 26. Nc4 Qg5 27. Nxd5+ Qxd5 28. Ne3 Qe5 29. R1c7+ Kf6 30. Rxb7 Ng6 31. Rcc7 Nh8 32. Rc4 Qa5 33. Rbb4 Ng6 34. Nc2 Qd5 35. Rd4 Qa2 36. Rd1 Ne7 37. Ne3 Nc6 38. Rb6 Ne5 39. Nd5+ Kg6 40. Nc3 Qc4 41. Rb4 Qc6 42. Rxa4 Nc4 43. Rb4 Nxb2 44. Rxb2 Qxc3 45. Ra2 Qb3 46. Rda1 Qa4 47. Rb1 h4 48. Rb4 Qd1+ 49. Kh2 Qd6+ 50. Kh3 e5 51. Rab2 Qd3+ 52. Kxh4 Qxa3 53. R2b3 Qc1 54. Kg3 f5 55. Kh2 f4 56. Rb7 Qc2 57. R3b6+ Kh7 58. Rb2 Qf5 59. R2b3 Kg6 60. Re7 Qf6 61. Rbb7 Qh4+ 62. Kg1 Qf6 63. Ra7 Kh6 64. Re8 f3 65. Rh8+ Kg6 66. Rh3 fxg2 67. Rg3+ Kh7 68. Rxg2 e4 69. Rg3 Qd4 70. Rc7 Kh6 71. Kg2 g5 72. Re7 Kg6 73. Re3 Kf5 74. Rg3 Qf6 75. Ra7 Kf4 76. Ra5 g4 77. Re3 Qc6 78. Ra7 Qd5 79. Rg7 Qc6 80. Rf7+ Kg5 81. Kg3 Qd6+ 82. Kg2 Qc6 83. Ra7 Kf4 84. Ra5 g3 85. Raa3 gxf2 86. Kxf2 Qc2+ 87. Re2 Qc5+ 88. Rae3 Qd4 89. Re1 Qa7 90. R1e2 1/2-1/2

[Event "IND-ch U15 47th"]
[Site "New Delhi"]
[Date "2022.11.29"]
[Round "2"]
[White "Bharat, Bansal"]
[Black "Arora, Honi"]
[Result "0-1"]
[WhiteElo "1474"]
[BlackElo "1861"]
[PlyCount "88"]
[EventDate "2022.11.28"]
[EventType "swiss"]
[EventRounds "11"]
[EventCountry "IND"]
[SourceTitle "CBM 211 Extra"]
[Source "ChessBase"]
[SourceDate "2023.01.31"]
[SourceVersion "1"]
[SourceVersionDate "2023.01.31"]
[SourceQuality "1"]

1. e4 c5 2. Nf3 d6 3. d4 cxd4 4. Nxd4 Nf6 5. Nc3 a6 6. Be3 e5 7. Nb3 Be7 8. f3 Be6 9. Qd2 0-0 10. 0-0-0 Nbd7 11. g4 Qc7 12. g5 Nh5 13. Kb1 b5 14. Nd5 Bxd5 15. exd5 Nb6 16. Na5 Nxd5 17. Qxd5 Qxa5 18. h4 Rac8 19. Bd3 g6 20. Rhg1 Qc7 21. Qb3 Rfd8 22. Be4 Bf8 23. Bd5 a5 24. Rc1 Rb8 25. Rg4 Qd7 26. a3 Ng7 27. Rh1 Nh5 28. Rhg1 Bg7 29. Rf1 Rdc8 30. Rgg1 Nf4 31. Bxf4 exf4 32. h5 Kf8 33. hxg6 hxg6 34. Rg4 Qf5 35. Be4 Qe5 36. Rd1 Rc5 37. c3 b4 38. Rd4 a4 39. Qxa4 bxc3 40. Rb4 Rbc8 41. Bc2 cxb2 42. Rgxf4 Qe1+ 43. Bd1 Rc1+ 44. Ka2 Ra1+ 0-1

[Event "Bikaner op 1st"]
[Site "Bikaner"]
[Date "2022.10.03"]
[Round "4"]
[White "Dhananjay, S."]
[Black "Arora, Honi"]
[Result "0-1"]
[WhiteElo "2181"]
[BlackElo "1682"]
[PlyCount "118"]
[EventDate "2022.10.01"]
[EventType "swiss"]
[EventRounds "10"]
[EventCountry "IND"]
[SourceTitle "CBM 210 Extra"]
[Source "ChessBase"]
[SourceDate "2022.11.30"]
[SourceVersion "1"]
[SourceVersionDate "2022.11.30"]
[SourceQuality "1"]

1. Nf3 d5 2. c4 c6 3. e3 Nf6 4. Nc3 e6 5. b3 Nbd7 6. Bb2 Bd6 7. Qc2 b6 8. cxd5 exd5 9. Nd4 Bb7 10. Nf5 Bf8 11. g4 Nxg4 12. Rg1 Nde5 13. Be2 Nf6 14. h4 g6 15. Nb5 Qb8 16. Ng3 Bg7 17. Nd4 c5 18. f4 Ned7 19. Nf3 Qc7 20. Ne5 Rg8 21. Bb5 Bh8 22. Nf5 a6 23. Nxd7 Nxd7 24. Be2 Bf6 25. 0-0-0 0-0-0 26. Nh6 Rgf8 27. Ng4 Bxb2+ 28. Kxb2 h5 29. Nf2 Kb8 30. Kb1 Qd6 31. Rg5 Rfe8 32. Bf3 d4 33. Bxb7 Kxb7 34. f5 Ne5 35. fxg6 fxg6 36. Ne4 Qc6 37. exd4 Rxd4 38. Nc3 Rxh4 39. Re1 Rh1 40. Rxh1 Qxh1+ 41. Kb2 Qf3 42. Rxe5 Rxe5 43. Qxg6 Re7 44. Qd6 Qf7 45. Nd5 Re6 46. Qd8 Rc6 47. Nc3 Qc7 48. Qg5 Qd7 49. Kc1 Qh7 50. Qh4 Ka7 51. Nd5 Re6 52. Ne3 Re4 53. Qd8 Rd4 54. Qc8 h4 55. Qh3 Qd3 56. Qh2 Rd7 57. Nc4 h3 58. Qf2 Rh7 59. Qf6 Qxc4+ 0-1

[Event "Chennai op 13th"]
[Site "Chennai"]
[Date "2022.06.20"]
[Round "2"]
[White "Arora, Honi"]
[Black "Aronyak, Ghosh"]
[Result "0-1"]
[WhiteElo "1679"]
[BlackElo "2494"]
[PlyCount "82"]
[EventDate "2022.06.19"]
[EventType "swiss"]
[EventRounds "10"]
[EventCountry "IND"]
[SourceTitle "CBM 209 Extra"]
[Source "ChessBase"]
[SourceDate "2022.09.30"]
[SourceVersion "1"]
[SourceVersionDate "2022.09.30"]
[SourceQuality "1"]

1. d4 d5 2. Bf4 c5 3. e3 Nc6 4. Nf3 Bg4 5. Nbd2 e6 6. c3 cxd4 7. exd4 Bd6 8. Bxd6 Qxd6 9. Bd3 Nf6 10. 0-0 0-0 11. Qb3 Rab8 12. Rae1 Bxf3 13. Nxf3 b5 14. a3 Nd7 15. Re3 h6 16. Rfe1 a5 17. Bb1 Rfc8 18. Ne5 Ncxe5 19. dxe5 Qe7 20. Rg3 Nf8 21. Qd1 Rc4 22. Bd3 Rf4 23. Qd2 Qh4 24. Rh3 Qg5 25. g3 Re4 26. f4 Rxe1+ 27. Qxe1 Qd8 28. g4 d4 29. Qg3 dxc3 30. bxc3 b4 31. axb4 axb4 32. cxb4 Rxb4 33. Qe3 Ng6 34. Rf3 Nh4 35. Rh3 g5 36. fxg5 hxg5 37. Rg3 Rf4 38. Bc2 Qa5 39. h3 Qa1+ 40. Kh2 Qf1 41. Qg1 Qe2+ 0-1

[Event "MPL-ch U20 50th"]
[Site "Gurugram"]
[Date "2022.03.09"]
[Round "2"]
[White "Pranesh, Munirethinam"]
[Black "Arora, Honi"]
[Result "1-0"]
[WhiteElo "2455"]
[BlackElo "1738"]
[PlyCount "77"]
[EventDate "2022.03.09"]
[EventType "swiss"]
[EventRounds "9"]
[EventCountry "IND"]
[SourceTitle "CBM 207 Extra"]
[Source "ChessBase"]
[SourceDate "2022.05.31"]
[SourceVersion "1"]
[SourceVersionDate "2022.05.31"]
[SourceQuality "1"]

1. e4 c6 2. d4 d5 3. e5 Bf5 4. Nf3 e6 5. Be2 Nd7 6. 0-0 Ne7 7. c3 c5 8. dxc5 Nxc5 9. Nd4 Bg6 10. f4 Nc6 11. Be3 Be7 12. Nd2 0-0 13. a4 Rc8 14. a5 Nxd4 15. Bxd4 Qd7 16. b4 Ne4 17. Nxe4 Bxe4 18. Bxa7 Rxc3 19. Bd4 Rc2 20. b5 Bb4 21. Ra4 Rd2 22. Rxb4 Rxd1 23. Rxd1 Qc7 24. Ra1 f6 25. b6 Qe7 26. Rb5 Rc8 27. a6 fxe5 28. axb7 Rb8 29. Ra8 Qxb7 30. Rxb8+ Qxb8 31. fxe5 Qb7 32. Rb3 h6 33. h3 Kh7 34. Kh2 Bg6 35. Rb2 Be8 36. Bd3+ Kg8 37. Ba6 Qb8 38. Rc2 Bd7 39. b7 1-0